000 00483nam a22001817a 4500
020 _a9789390118106
082 _aM3
_bVIS/K.1
100 _aVishnu M C
245 _aKaanthamalacharitham:
_bAkhinathente nidhi/ (Part 1)
_cby Vishnu M C
250 _a12th ed.
260 _aPalakkad:
_bLogos Books,
_c2026.
300 _a208p.
490 _aA Book Series From ERA Universe
650 _aNovel Malayalam
650 _aLiterature Malayalam
650 _aLiterature
942 _cBK
999 _c181975
_d181975